00376nam a2200145Ia 450000500170000000800460001703700120006304000200007504100130009508400250010810000200013324500190015326000500017230000080022220250508150859.0008 250505s9999 xx 000 0 eng d aTextual aFEDLbengcFEDL aeng2eng a372.853 5, LAWqFEDL aLawrence Joseph 0aBook of vision aLondon, UKbFrederick Warne and Co Ltd c1951 a64p